Statistics for Space is Kool

Click here to take the quiz!

General Stats

  • This quiz has been taken 7 times
  • The average score is 10 of 15

Answer Stats

HintAnswer% Correct
A stellar remnant of a white dwarf that emits no heat and only exists in far future theoretical.Black Dwarf
100%
The active volcano on Mars that is thought to be the tallest peak in the entire solar system.Olympus Mons
100%
The galaxy that scientists predict will crash into the Milky Way in around 3.75 billion years.Andromeda
83%
The biggest asteroid in our solar system, so big it was originally thought to be a dwarf planet but is now classified as an asteroid.Ceres
83%
A sudden flash of increased brightness around the sun’s surface.Solar Flare
83%
A moon of Jupiter famed in the science fiction worlds for having oceans that could potentially be habitable for humanity to colonize.Europa
67%
The name of a paradox that wonders why humanity can’t hear the radio waves of other alien civilizations.Fermi Paradox
67%
The only known short period comet that regularly can be seen by the naked human eye. Last seen in 1968 and scheduled to appear again in 2061.Halley’s Comet
67%
An incredibly dense stellar object about the size of a city that is near the end of a star’s life cycle.Neutron Star
67%
A giant asteroid discovered by an Italian that NASA suspects may have a core entirely made of gold.16 Psyche
50%
One of the largest and most versatile space telescopes humanity has that was released into low earth orbit in 1990.Hubble Telescope
50%
The name of a scale that ranks civilizations on how progressive in utilizing energy they are. Humans are around a 0.7 on this 1-3/10 scale.Kardashev Scale
50%
The largest and most outer asteroid belt in our solar system.Kuiper Belt
50%
The average surface temperature of Venus in degrees celsius.450
33%
The highest point of the moon’s orbit.Apogee
33%

Score Distribution

Percentile by Number Answered

Percent of People with Each Score

Your Score History

You have not taken this quiz